Breaking the ice : (Record no. 580)

MARC details
000 -LEADER
fixed length control field 00819cam a2200265 a 4500
005 - DATE AND TIME OF LATEST TRANSACTION
control field 20260322212026.0
008 - FIXED-LENGTH DATA ELEMENTS--GENERAL INFORMATION
fixed length control field data
010 ## - LIBRARY OF CONGRESS CONTROL NUMBER
LC control number 94002294
020 ## - INTERNATIONAL STANDARD BOOK NUMBER
International Standard Book Number 1878542427 :
Terms of availability {dollar}12.95
020 ## - INTERNATIONAL STANDARD BOOK NUMBER
International Standard Book Number 9781878542427 :
Terms of availability {dollar}12.95
040 ## - CATALOGING SOURCE
Original cataloging agency DLC
Transcribing agency DLC
Modifying agency DLC
050 00 - LIBRARY OF CONGRESS CALL NUMBER
Classification number HF5718
Item number .S52 1994
082 00 - DEWEY DECIMAL CLASSIFICATION NUMBER
Classification number 302.2
Edition information 20
092 ## - LOCALLY ASSIGNED DEWEY CALL NUMBER (OCLC)
Classification number 302.2 S52 1994
001 - CONTROL NUMBER
control field data
100 1# - MAIN ENTRY--PERSONAL NAME
Personal name Shouse, Deborah,
Dates associated with a name 1949-
245 10 - TITLE STATEMENT
Title Breaking the ice :
Remainder of title how to improve your on-the-spot communication skills /
Statement of responsibility, etc. Deborah Shouse.
260 ## - PUBLICATION, DISTRIBUTION, ETC.
Place of publication, distribution, etc. Mission, KS :
Name of publisher, distributor, etc. SkillPath Publications,
Date of publication, distribution, etc. c1994.
300 ## - PHYSICAL DESCRIPTION
Extent vi, 79 p. :
Other physical details ill. ;
Dimensions 22 cm.
504 ## - BIBLIOGRAPHY, ETC. NOTE
Bibliography, etc. note Includes bibliographical references (p. 79).
650 #0 - SUBJECT ADDED ENTRY--TOPICAL TERM
Topical term or geographic name entry element Business communication.
650 #0 - SUBJECT ADDED ENTRY--TOPICAL TERM
Topical term or geographic name entry element Business presentations.
650 #0 - SUBJECT ADDED ENTRY--TOPICAL TERM
Topical term or geographic name entry element Body language.
650 #0 - SUBJECT ADDED ENTRY--TOPICAL TERM
Topical term or geographic name entry element Success in business.
Holdings
Withdrawn status Lost status Damaged status Not for loan Home library Current library Shelving location Date acquired Total checkouts Full call number Barcode Date last seen Price effective from Koha item type
        Franklin Franklin General stacks 22/03/2026   302.2 20 BC0010595 22/03/2026 22/03/2026 Books